| 000 | 00454nam a22001577a 4500 | ||
|---|---|---|---|
| 008 | 160721b xxu||||| |||| 00| 0 eng d | ||
| 020 | _a9712712125 | ||
| 082 |
_22002 _aDFil 899.2104 _bZ1 |
||
| 100 |
_911689 _aZafra, Jessica |
||
| 245 |
_aTwisted 6/ _cJessica Zafra |
||
| 260 |
_aPasig City: _bAnvil Publishing Inc., _cc2002. |
||
| 300 |
_a249 pages: _c22 cm. |
||
| 650 | 0 |
_911690 _aPhilippine essays (English) |
|
| 365 |
_b195.00 _cPhp. |
||
| 942 |
_2ddc _cDFIL |
||
| 999 |
_c3506 _d3506 |
||